Setting up and office in Japan.
| Corporate Author: | |
|---|---|
| Format: | Book |
| Published: |
Tokyo:
JETRO,
1993.
|
| Subjects: |
| LEADER | 00466cam a2200169 7i4500 | ||
|---|---|---|---|
| 001 | 0000003064 | ||
| 005 | 19991025090000.0 | ||
| 002 | ##000004397 | ||
| 020 | 0 | 0 | |a 915682-03-X |
| 090 | 0 | 0 | |a JAPN 651.3 |b AME |
| 110 | 0 | 0 | |a The American Chamber of Commerce in Japan |
| 245 | 0 | 0 | |a Setting up and office in Japan. |
| 260 | 0 | 0 | |a Tokyo: |b JETRO, |c 1993. |
| 300 | 0 | 0 | |a 179 p.. |
| 650 | 0 | 0 | |a Office Management |
| 651 | 0 | 0 | |a Japan |
| 999 | |a 0000004728 |b Book |c Open shelf |e Business Information Centre | ||